000 00961nam0a22002531 4500
001 rc\4012626
005 20250611055037.0
021 _aRU
_b[55-14704]
035 _a(NLR Aleph) 008080734
090 _a9121871
_c9121871
100 _a20130415d1955 |||y0rusy50 ca
101 0 _arus
102 _aRU
105 _ay z |||||
200 1 _aМетодическое письмо по раннему распознаванию и лечению больных туберкулезных менингитом
_fСост. канд. мед. наук Р.И. Кенс
_gЛьвовский науч.-исслед. ин-т туберкулеза
210 _aЛьвов
_cБ. и.
_d1955
215 _a52 с.
_d22
606 _aМенингит туберкулезный
_2psbo
700 1 _aКенс
_bР.И.
_gРоман Иосифович
_4220
801 0 _aRU
_bNLR
_gpsbo
801 1 _aRU
_bELAR
_2rusmarc
852 _aNLR
_jМд50 Г-6/106
942 _cBOOK
980 _aNB